000 00358nam a2200133Ia 4500
008 151001s9999||||xx |||||||||||||| ||und||
100 _aदुर्गा - भागवत
245 _aॠतूचक्र
250 _a4
260 _bपॉप्युलर प्रकाशन मुंबई
260 _c1973
300 _a117
365 _b18
999 _c957212
_d957209